[Event "ch-FRA Blitz Online Qual"]
[Site "Europe-Chess INT"]
[Date "2020.05.16"]
[Round "7"]
[White "Barrera, Armando"]
[Black "Le Bas, Alexis"]
[Result "0-1"]
[WhiteElo "1486"]
[BlackElo "1889"]
[WhiteFideId "551036657"]
[BlackFideId "651087"]
[EventDate "2020.05.16"]

1. d4 Nf6 2. c4 g6 3. Nc3 Bg7 4. e4 d6 5. Nf3 O-O 6. Bd3 c5 7. d5 Bg4 8. h3 Bxf3
9. Qxf3 Nbd7 10. Bf4 Nh5 11. Bh2 Qa5 12. Bc2 Qb4 13. Rb1 Be5 14. g4 Bxh2 15.
Rxh2 Ne5 16. Qe2 Nf4 17. Qe3 g5 18. b3 a6 19. h4 Nxg4 20. Qg3 Nxh2 21. Qxg5+ Kh8
22. Qxf4 Qxc3+ 23. Kd1 Rg8 24. e5 Qxe5 25. Qxe5+ dxe5 26. Ke2 Ng4 27. Be4 Rad8
28. a3 h5 29. b4 cxb4 30. Rxb4 e6 31. Rxb7 f5 32. Bf3 exd5 33. Bxd5 Rg7 34. Rb6
Kh7 35. Rxa6 e4 36. a4 Rb8 37. a5 Rb2+ 38. Kd1 Ne5 39. Kc1 Rxf2 0-1

[Event "ch-FRA Blitz Online Qual"]
[Site "Europe-Chess INT"]
[Date "2020.05.16"]
[Round "7"]
[White "Huynh, Nicolas"]
[Black "Mendoza, Mael"]
[Result "1-0"]
[WhiteElo "1836"]
[BlackElo "1451"]
[WhiteFideId "36081302"]
[BlackFideId "551036533"]
[EventDate "2020.05.16"]

1. e4 c5 2. Nf3 d6 3. d4 cxd4 4. Nxd4 Nf6 5. Nc3 a6 6. Be3 Ng4 7. Bc1 Nf6 8. Be3
Ng4 9. Bg5 h6 10. Bh4 g5 11. Bg3 Bg7 12. f3 Ne3 13. Qd2 Nxf1 14. Rxf1 Qb6 15.
O-O-O Nc6 16. Nd5 Qxd4 17. Qxd4 Bxd4 18. Nc7+ Kd8 19. Nxa8 b5 20. Bf2 Bxf2 21.
Rxf2 Bb7 22. Nb6 Kc7 23. Nd5+ Kd7 24. Ne3 Rc8 25. Kb1 e6 26. Rfd2 d5 27. exd5
Ne5 28. dxe6+ Kxe6 29. Rd6+ Ke7 30. Nf5+ Ke8 31. Rxh6 1-0

[Event "ch-FRA Blitz Online Qual"]
[Site "Europe-Chess INT"]
[Date "2020.05.16"]
[Round "7"]
[White "Sallette, Alain"]
[Black "Sureau, Corentin"]
[Result "0-1"]
[WhiteElo "1831"]
[BlackElo "1686"]
[WhiteFideId "626570"]
[BlackFideId "36067687"]
[EventDate "2020.05.16"]

1. d4 Nf6 2. Bf4 g6 3. e3 Bg7 4. c3 d5 5. Bd3 c6 6. Nf3 Bg4 7. Nbd2 Nbd7 8. h3
Bxf3 9. Nxf3 Qb6 10. Qb3 Ne4 11. Bxe4 dxe4 12. Nd2 Qxb3 13. axb3 f5 14. Nc4 O-O
15. O-O-O a5 16. g4 b5 17. Na3 e6 18. gxf5 exf5 19. h4 h6 20. d5 b4 21. cxb4
axb4 22. Nc4 cxd5 23. Rxd5 Ra1+ 24. Kc2 Rxh1 25. Rxd7 Rxh4 26. Ne5 Rc8+ 27. Kd2
g5 28. Bg3 Rh1 29. Ng6 Kh7 30. Ne5 Rhc1 31. Nc4 Rf1 32. Be5 Rg8 33. Ke2 Rg1 34.
Nd6 Kg6 35. Rf7 Bxe5 0-1

[Event "ch-FRA Blitz Online Qual"]
[Site "Europe-Chess INT"]
[Date "2020.05.16"]
[Round "7"]
[White "Moracchini, Margaux"]
[Black "Roussel, Matthieu"]
[Result "1-0"]
[WhiteElo "1933"]
[BlackElo "1577"]
[WhiteFideId "36018198"]
[BlackFideId "36070009"]
[EventDate "2020.05.16"]

1. e4 e5 2. Nf3 Nc6 3. d4 exd4 4. Nxd4 Qf6 5. c3 Bc5 6. Be3 Nge7 7. g3 d5 8. Bg2
dxe4 9. Nd2 Bxd4 10. cxd4 Bf5 11. Nxe4 Bxe4 12. Bxe4 O-O-O 13. Qb3 Qe6 14. Qxe6+
fxe6 15. Rd1 Nf5 16. Bxc6 bxc6 17. O-O Rd6 18. Rd3 Rhd8 19. Rfd1 c5 20. Ra3 cxd4
21. Bg5 Re8 22. Rxa7 Kb8 23. Ra5 Ne7 24. Bf4 Rd7 25. Rb5+ Kc8 26. a4 Nd5 27. Be5
Nb6 28. Rxd4 Rxd4 29. Bxd4 Nxa4 30. b3 c5 31. Bxc5 Nxc5 32. Rxc5+ Kb7 33. Kg2
Kb6 34. Rh5 h6 35. Kf3 Rf8+ 36. Ke3 Rf6 37. f4 Rf7 38. Ke4 Kc6 39. Re5 Kd6 40.
Ra5 Rb7 41. Ra6+ Ke7 42. Ra3 Rb4+ 43. Kf3 Rb5 44. Kg4 Kf6 45. h4 h5+ 46. Kf3 g6
47. Ke3 Kf5 48. Kf3 Rc5 49. b4 Rb5 50. Rb3 e5 51. fxe5 Kxe5 52. g4 hxg4+ 53.
Kxg4 Kf6 54. Rf3+ Kg7 55. Rf4 Kh6 56. Rc4 Kg7 57. Rc7+ Kh6 58. Rc4 Kg7 59. Rd4
Kh6 60. Kf4 Kh5 61. Kg3 Kh6 62. Rc4 Kg7 63. Kf3 Kh6 64. Ke3 Kh5 65. Rc5+ Rxc5
66. bxc5 g5 67. c6 gxh4 68. c7 Kg4 69. c8=Q+ Kg3 70. Qg8+ Kh3 71. Qg5 Kh2 72.
Qxh4+ 1-0

[Event "ch-FRA Blitz Online Qual"]
[Site "Europe-Chess INT"]
[Date "2020.05.16"]
[Round "7"]
[White "Inventar, Alexandre"]
[Black "Vine, Guillaume"]
[Result "0-1"]
[WhiteElo "1437"]
[BlackElo "1824"]
[WhiteFideId "36054100"]
[BlackFideId "20654219"]
[EventDate "2020.05.16"]

1. e4 c6 2. Bc4 d5 3. Bb3 e5 4. exd5 cxd5 5. d4 e4 6. Nc3 Be6 7. Nge2 Nf6 8. Bg5
Be7 9. Nf4 Bb4 10. Bxf6 Qxf6 11. Nxd5 Bxd5 12. Bxd5 Nc6 13. Bxe4 O-O 14. O-O
Qxd4 15. Qxd4 Nxd4 16. Nd5 Ba5 17. Rad1 Ne6 18. Ne7+ Kh8 19. Bxb7 Rab8 20. Bd5
Rxb2 21. Bb3 Nc5 22. Ra1 Nxb3 23. axb3 Bb6 24. Nd5 Rxc2 25. Nxb6 axb6 26. Ra6
Rb8 27. Rd1 g6 28. h3 Rc3 29. Rb1 Kg7 30. b4 b5 31. Kf1 Rc2 32. Ra5 Rd8 33. Re1
Rdd2 34. Rxb5 Rxf2+ 35. Kg1 Rxg2+ 36. Kh1 Rh2+ 37. Kg1 Rxh3 38. Rb7 Rb3 39. Ree7
Rb1+ 0-1

[Event "ch-FRA Blitz Online Qual"]
[Site "Europe-Chess INT"]
[Date "2020.05.16"]
[Round "7"]
[White "Vanneste, Axel"]
[Black "Nguyen, Thao Nhi"]
[Result "0-1"]
[WhiteElo "1413"]
[BlackElo "1951"]
[WhiteFideId "36020192"]
[BlackFideId "36000310"]
[EventDate "2020.05.16"]

1. e4 Nf6 2. Nc3 d5 3. exd5 Nxd5 4. Bc4 Nb6 5. Bb3 Nc6 6. Nf3 e6 7. d4 Be7 8.
Be3 O-O 9. Qe2 Na5 10. O-O-O Nxb3+ 11. axb3 a5 12. Ne5 a4 13. bxa4 Nxa4 14. Nxa4
Rxa4 15. Qb5 Ra6 16. Kd2 c6 17. Qb3 c5 18. Ke2 Qc7 19. Qb5 Rb6 20. Qc4 Rxb2 21.
dxc5 Qxe5 22. Rd4 Qxc5 23. Qd3 Rxc2+ 24. Kf3 Qc6+ 25. Kg3 e5 26. Rd5 f5 27. Rxe5
Bd6 28. Bf4 Bxe5 29. Bxe5 Qg6+ 30. Kf3 Qg4+ 31. Ke3 f4+ 32. Bxf4 Qxf4# 0-1

[Event "ch-FRA Blitz Online Qual"]
[Site "Europe-Chess INT"]
[Date "2020.05.16"]
[Round "7"]
[White "Hassler, Tim"]
[Black "Daunay, Gabriel"]
[Result "1-0"]
[WhiteElo "1933"]
[BlackElo "1701"]
[WhiteFideId "36052566"]
[BlackFideId "45103321"]
[EventDate "2020.05.16"]

1. e4 e5 2. Bc4 Nf6 3. d3 Nc6 4. Nc3 d6 5. Nge2 Be7 6. f4 O-O 7. f5 Kh8 8. h3
Ng8 9. Be3 g6 10. g4 Na5 11. Qd2 Nxc4 12. dxc4 b6 13. O-O-O Bb7 14. Rhg1 g5 15.
h4 f6 16. hxg5 fxg5 17. Rh1 h6 18. Rh2 Kg7 19. Rdh1 Rf6 20. Ng3 Rf7 21. b3 a5
22. a4 c6 23. Qf2 b5 24. cxb5 cxb5 25. Nxb5 d5 26. exd5 Rc8 27. Rd1 Ba6 28. Na7
Rc7 29. Nc6 Rxc6 30. Kb2 Rc8 31. Bb6 Qd7 32. Qe3 Bd6 33. Bxa5 Nf6 34. Nh5+ Nxh5
35. Rxh5 Rf6 36. Bc3 Qe7 37. Re1 Ba3+ 38. Ka2 Bd6 39. Kb1 1-0

[Event "ch-FRA Blitz Online Qual"]
[Site "Europe-Chess INT"]
[Date "2020.05.16"]
[Round "7"]
[White "Revel, Adrien"]
[Black "Eric Andriana, Fitia"]
[Result "1-0"]
[WhiteElo "1859"]
[BlackElo "1401"]
[WhiteFideId "624179"]
[BlackFideId "36094366"]
[EventDate "2020.05.16"]

1. e4 e5 2. Nf3 Nc6 3. Bc4 Be7 4. c3 Nf6 5. d3 d6 6. O-O Bg4 7. Nbd2 O-O 8. h3
Be6 9. Re1 Na5 10. Bb5 c6 11. Ba4 b5 12. Bc2 c5 13. Nf1 Qd7 14. d4 cxd4 15. cxd4
Rac8 16. Ne3 Qc7 17. Bd2 Rfd8 18. Rc1 Nc4 19. Nxc4 bxc4 20. Bc3 Nh5 21. Qe2 Nf4
22. Qf1 Qd7 23. dxe5 dxe5 24. Nxe5 Qc7 25. Rcd1 f6 26. Nf3 Bc5 27. Bd2 Nd3 28.
Bxd3 cxd3 29. Bc3 Qb6 30. Rd2 Bxa2 31. Red1 Bb3 32. Rc1 Bb4 33. Rxd3 Rxd3 34.
Qxd3 Bxc3 35. Rxc3 Rxc3 36. Qxc3 Bf7 37. Qd4 Qb8 38. g3 Be8 39. Kg2 h6 40. e5
fxe5 41. Qxe5 Bc6 42. Qe6+ Kh7 43. Qxc6 Qf8 44. Qc3 Qe8 45. Qd3+ g6 46. Qd4 Qa8
47. b4 Qb7 48. Qc5 Qc7 49. Qxc7+ 1-0

[Event "ch-FRA Blitz Online Qual"]
[Site "Europe-Chess INT"]
[Date "2020.05.16"]
[Round "7"]
[White "Toussaint, Florent"]
[Black "Acudad, Marsuk"]
[Result "0-1"]
[WhiteElo "1391"]
[BlackElo "1665"]
[WhiteFideId "36088730"]
[BlackFideId "689157"]
[EventDate "2020.05.16"]

1. d4 d5 2. Nf3 Nf6 3. Bf4 c5 4. e3 Nc6 5. Bd3 Nh5 6. Bg3 cxd4 7. exd4 g6 8.
Nbd2 Qb6 9. Nb3 Bg7 10. c3 O-O 11. Qe2 Bg4 12. O-O Rae8 13. h3 Nxg3 14. fxg3
Bxf3 15. gxf3 e5 16. Kh2 exd4 17. Qd2 dxc3 18. bxc3 d4 19. cxd4 Nxd4 20. Nxd4
Qxd4 21. Rad1 Rd8 22. Qe2 Qa4 23. Bb5 Qa5 24. Rb1 b6 25. a4 Qc3 26. Rfc1 Qa5 27.
Rc7 Rd2 28. Qxd2 Qxd2+ 29. Kg1 Bd4+ 30. Kf1 Qf2# 0-1

[Event "ch-FRA Blitz Online Qual"]
[Site "Europe-Chess INT"]
[Date "2020.05.16"]
[Round "7"]
[White "Mouret, Paul"]
[Black "Weber, Richard"]
[Result "1-0"]
[WhiteElo "1748"]
[BlackElo "1463"]
[WhiteFideId "36059170"]
[BlackFideId "644382"]
[EventDate "2020.05.16"]

1. e4 c5 2. Nc3 d6 3. g3 Nf6 4. Bg2 Nc6 5. d3 e6 6. Be3 Be7 7. h3 a6 8. a4 Bd7
9. Qd2 e5 10. Nge2 Nd4 11. g4 h6 12. Ng3 h5 13. g5 Ng8 14. h4 g6 15. O-O Qc8 16.
f4 Bh3 17. Nd5 Bxg2 18. Kxg2 Bd8 19. Bxd4 cxd4 20. f5 Ne7 21. Nf6+ Kf8 22. Rf3
Kg7 23. Raf1 Qc6 24. fxg6 Nxg6 25. Nfxh5+ Kg8 26. Rxf7 Be7 27. Rg7# 1-0

[Event "ch-FRA Blitz Online Qual"]
[Site "Europe-Chess INT"]
[Date "2020.05.16"]
[Round "7"]
[White "Commin-Humeau, Augustin"]
[Black "Mareau, Timothe"]
[Result "0-1"]
[WhiteElo "1971"]
[BlackElo "1642"]
[WhiteFideId "26093006"]
[BlackFideId "45148864"]
[EventDate "2020.05.16"]

1. e4 e6 2. d4 d5 3. Nd2 Nc6 4. c3 Nf6 5. Bd3 e5 6. Ngf3 exd4 7. cxd4 dxe4 8.
Nxe4 Be7 9. h3 O-O 10. O-O Be6 11. Be3 Qd5 12. Nc3 Qh5 13. Qd2 Bxh3 14. Rad1 Bg4
15. Be2 Bd6 16. g3 Bxf3 17. Bxf3 Qxf3 18. Rfe1 Rae8 19. Bg5 Rxe1+ 20. Rxe1 Ng4
21. Ne4 Bb4 22. Qe2 Nxd4 23. Qc4 Bxe1 24. Qxd4 h6 25. Be7 Re8 26. Qd7 Bxf2+ 27.
Kf1 Bxg3+ 28. Kg1 Bh2# 0-1

[Event "ch-FRA Blitz Online Qual"]
[Site "Europe-Chess INT"]
[Date "2020.05.16"]
[Round "7"]
[White "Fischler, Oscar"]
[Black "Zanin, Clement"]
[Result "1-0"]
[WhiteElo "1864"]
[BlackElo "1327"]
[WhiteFideId "45190186"]
[BlackFideId "36066869"]
[EventDate "2020.05.16"]

1. Nf3 Nc6 2. d4 d5 3. g3 Bf5 4. c3 e6 5. Bg2 Bd6 6. O-O Nf6 7. Nbd2 O-O 8. b3
e5 9. dxe5 Nxe5 10. Bb2 Nxf3+ 11. Nxf3 c6 12. Rc1 Qc7 13. Nd4 Bg4 14. Qc2 c5 15.
Nf3 Ne4 16. Rcd1 Be6 17. c4 dxc4 18. Qxe4 cxb3 19. axb3 Bxb3 20. Rd2 Be6 21. Qc2
Be7 22. Rfd1 Qb6 23. Ne5 Bb3 24. Qc3 Bxd1 25. Nd7 Qh6 26. Nxf8 Ba4 27. Nd7 Rd8
28. Bh3 Bg5 29. f4 Be7 30. Bg4 Qg6 31. Ne5 Qb1+ 32. Kg2 Rxd2 33. Qxd2 Qe4+ 34.
Bf3 Qf5 35. Bxb7 h6 36. Bf3 Qe6 37. e4 c4 38. Bc3 Bd6 39. Be2 Bb5 40. Qd4 Bxe5
41. Qxe5 Qg6 42. Qxb5 Qxe4+ 43. Kf2 Qc2 44. Qxc4 Qc1 45. Qc8+ Kh7 46. Bd3+ g6
47. Qh8# 1-0

[Event "ch-FRA Blitz Online Qual"]
[Site "Europe-Chess INT"]
[Date "2020.05.16"]
[Round "7"]
[White "Gatineau, Milann"]
[Black "Pothieux, Philippe"]
[Result "0-1"]
[WhiteElo "1390"]
[BlackElo "1796"]
[WhiteFideId "36044199"]
[BlackFideId "20606036"]
[EventDate "2020.05.16"]

1. d4 Nf6 2. Bf4 e6 3. e3 d5 4. Nf3 Bd6 5. Bxd6 Qxd6 6. Bd3 O-O 7. O-O c5 8. c3
Nc6 9. Nbd2 Bd7 10. Rc1 Rac8 11. Qe2 h6 12. Rfe1 a6 13. dxc5 Qxc5 14. e4 Rfe8
15. e5 Nh7 16. Nb3 Qe7 17. Nbd4 Nf8 18. Qc2 Nb4 19. Qe2 Nxd3 20. Qxd3 Qc5 21.
Nb3 Qb6 22. Nfd4 Rc7 23. Re3 Ng6 24. Rg3 Nxe5 25. Qe3 Ng6 26. h3 Qd6 27. Nd2 Qf4
28. Qxf4 Nxf4 29. N2f3 e5 30. Nb3 Ne2+ 31. Kh2 Nxg3 32. Kxg3 Ba4 33. Nbd2 f6 34.
b3 Bc6 35. Re1 Rce7 36. c4 dxc4 37. Nxc4 Bxf3 38. Kxf3 Rd7 39. Ke3 Red8 40. f4
exf4+ 41. Kxf4 Rd4+ 42. Kf3 Rd3+ 43. Kf2 b5 44. Na5 Rd2+ 45. Kf1 Rxa2 46. Nc6
Rd7 47. b4 Rc2 48. Ne7+ Kf7 49. Nf5 Rc4 0-1

[Event "ch-FRA Blitz Online Qual"]
[Site "Europe-Chess INT"]
[Date "2020.05.16"]
[Round "7"]
[White "Laville, Renaud"]
[Black "Sepahpour, Shervine"]
[Result "1/2-1/2"]
[WhiteElo "1774"]
[BlackElo "1398"]
[WhiteFideId "640247"]
[BlackFideId "45150478"]
[EventDate "2020.05.16"]

1. d4 Nf6 2. Bf4 d6 3. e3 g6 4. Nf3 Bg7 5. h3 O-O 6. Be2 Nbd7 7. O-O Re8 8. c4
e5 9. dxe5 dxe5 10. Nxe5 Nxe5 11. Qxd8 Rxd8 12. Bxe5 c6 13. Nc3 Bf5 14. Rfd1 Re8
15. Bg3 Rad8 16. Rxd8 Rxd8 17. Rd1 Rxd1+ 18. Bxd1 Ne4 19. Nxe4 Bxe4 20. b3 Bb1
21. a4 Kf8 22. f3 Ke7 23. Kf1 Bd3+ 24. Ke1 Bc3+ 25. Kf2 Ke6 26. Bb8 a6 27. g4 f5
28. f4 b5 29. cxb5 cxb5 30. Ba7 Kd5 31. Bf3+ Ke6 32. axb5 axb5 33. Bc5 b4 34.
Bd1 Kd5 35. Bf8 Be4 36. Bf3 Bd2 37. Bg7 Bc3 38. Bf8 Bd2 39. gxf5 gxf5 40. h4 Bc3
41. h5 Bd2 42. Be2 Bc3 43. Bc4+ Kc6 44. Bg8 Bc2 45. Bxh7 Bxb3 46. Bxf5 Bf7 47.
Be4+ Kc7 48. h6 b3 49. Bg7 Bxg7 50. hxg7 b2 51. Bb1 Bg8 52. Kf3 Kd6 53. Kg4 Ke6
54. Kg5 Kf7 55. Kh6 Kf6 56. e4 Kf7 57. e5 Ke6 58. Kg5 Kf7 59. Kh6 Ke6 60. Kg5
Kf7 61. f5 Ke7 62. f6+ Kf7 63. Kf4 Ke6 64. Ke3 Kd5 65. Kd2 Kxe5 66. Kc3 Kxf6 67.
Kxb2 Kxg7 1/2-1/2

[Event "ch-FRA Blitz Online Qual"]
[Site "Europe-Chess INT"]
[Date "2020.05.16"]
[Round "7"]
[White "Hilton, Marc"]
[Black "Ros, David"]
[Result "0-1"]
[WhiteElo "1546"]
[BlackElo "1767"]
[WhiteFideId "36086983"]
[BlackFideId "36079103"]
[EventDate "2020.05.16"]

1. d4 Nf6 2. c4 g6 3. Nc3 d5 4. Qb3 dxc4 5. Qxc4 a6 6. Bg5 Bg7 7. e3 O-O 8. Nf3
Nbd7 9. Be2 b5 10. Qb3 Rb8 11. Rd1 Nb6 12. O-O Be6 13. Qc2 Bc4 14. Ne5 Bxe2 15.
Qxe2 Rc8 16. Nd3 Nc4 17. Nc5 Qd6 18. b3 Na3 19. Bf4 Qb6 20. Qb2 b4 21. N3a4 Qa7
22. Be5 Rfd8 23. Rc1 Nb5 24. Nd3 Nd5 25. Bxg7 Kxg7 26. Rc4 Rd6 27. Nac5 a5 28.
Rfc1 Rcd8 29. Ne5 Nbc3 30. e4 Nb6 31. R4xc3 bxc3 32. Rxc3 Rxd4 33. h3 Rd1+ 34.
Kh2 Qa8 35. Ncd3 Qxe4 36. Qa3 R1xd3 37. Rxd3 Qxe5+ 38. Rg3 Qd6 39. Qxa5 Nd5 40.
Qa7 Nf6 41. a4 Ne4 42. Qe3 Nxg3 43. fxg3 e5 44. a5 Qd4 45. Qg5 f6 46. Qc1 Rd7
47. Qc6 Qd6 48. Qc4 c5 49. Qb5 Qc7 50. Qc4 Qa7 51. Qb5 Rb7 52. b4 Rxb5 0-1

[Event "ch-FRA Blitz Online Qual"]
[Site "Europe-Chess INT"]
[Date "2020.05.16"]
[Round "7"]
[White "Assouane, Aksel"]
[Black "Siffert, Arman"]
[Result "0-1"]
[WhiteElo "1238"]
[BlackElo "1887"]
[WhiteFideId "45154708"]
[BlackFideId "45125350"]
[EventDate "2020.05.16"]

1. e4 b6 2. d4 Bb7 3. Bd3 g6 4. c4 Bg7 5. Ne2 d6 6. Nbc3 e6 7. Bd2 h6 8. O-O Ne7
9. f3 a6 10. a4 Nd7 11. Qc2 O-O 12. Qc1 Kh7 13. b4 e5 14. d5 a5 15. b5 f5 16.
Be3 Nf6 17. Qc2 Bc8 18. Nc1 Nh5 19. Nb3 Nf4 20. Qd2 Nh5 21. Ra2 Bd7 22. Qc1 Rf7
23. Raf2 Qg8 24. Qc2 Raf8 25. exf5 Bxf5 26. Bxf5 Nxf5 27. Qd2 Nf4 28. Bxf4 exf4
29. Qxf4 Bxc3 30. Qc1 Qg7 31. Rc2 Bf6 32. Re2 Re7 33. Re6 Rfe8 34. Rfe1 Rxe6 35.
Rxe6 Rxe6 36. dxe6 Qe7 37. Qe1 Nd4 38. Nxd4 Bxd4+ 39. Kf1 Bf6 40. g4 Kg7 41. Qe3
Bg5 42. f4 Bf6 43. f5 gxf5 44. gxf5 Kh7 45. Qg3 Qg7 46. Qxg7+ Kxg7 47. Kf2 Be7
48. Kf3 Kf6 49. Ke4 Kg5 50. Kd5 Kxf5 51. Kc6 Kxe6 52. Kxc7 d5 53. cxd5+ Kxd5 54.
Kxb6 Bd8+ 55. Ka7 Kc5 56. Ka6 h5 57. h4 Bxh4 58. b6 Bg3 59. b7 h4 60. Kxa5 Bb8
61. Ka6 h3 62. a5 Kd6 63. Kb6 h2 64. a6 h1=Q 65. a7 Qb1+ 66. Ka6 Qa1+ 67. Kb6
Qxa7+ 68. Kb5 Qxb7+ 69. Ka4 Kc5 70. Ka3 Kc4 71. Ka2 Kc3 72. Ka1 Qb2# 0-1

[Event "ch-FRA Blitz Online Qual"]
[Site "Europe-Chess INT"]
[Date "2020.05.16"]
[Round "7"]
[White "Paralieu, Maxime"]
[Black "Salami, Reza"]
[Result "1-0"]
[WhiteElo "1569"]
[BlackElo "1882"]
[WhiteFideId "45154171"]
[BlackFideId "618659"]
[EventDate "2020.05.16"]

1. d4 d5 2. c4 e6 3. Nf3 Be7 4. g3 Nf6 5. Bg2 O-O 6. O-O Nbd7 7. Nc3 b6 8. e3
Bb7 9. b3 Rc8 10. Bb2 c5 11. Qe2 Ne4 12. Rac1 Ndf6 13. Rfd1 Nxc3 14. Bxc3 Ne4
15. Bb2 Qe8 16. Ne5 f6 17. Nd3 Qg6 18. Nf4 Qf7 19. Bh3 f5 20. dxc5 bxc5 21. Bg2
g5 22. Nd3 Bf6 23. Ne5 Qc7 24. Nd3 d4 25. exd4 cxd4 26. Nb4 Nc3 27. Bxc3 Bxg2
28. Kxg2 Qb7+ 29. Kg1 dxc3 30. Qxe6+ Kg7 31. Nd5 Qa6 32. Qxa6 Rce8 33. Qxa7+ Rf7
34. Qa6 Re2 35. Nxf6 Rxf6 36. Qb7+ Kg6 37. Qf3 Rxa2 38. Qxc3 f4 39. gxf4 Rxf4
40. Qe3 Rfxf2 41. Qxf2 Rxf2 42. Kxf2 h5 43. c5 g4 44. c6 h4 45. c7 g3+ 46. hxg3 1-0

[Event "ch-FRA Blitz Online Qual"]
[Site "Europe-Chess INT"]
[Date "2020.05.16"]
[Round "7"]
[White "Schrefheere, Anthime"]
[Black "Krajewski, Thomas"]
[Result "0-1"]
[WhiteElo "1750"]
[BlackElo "1273"]
[WhiteFideId "657646"]
[BlackFideId "45103429"]
[EventDate "2020.05.16"]

1. e4 d5 2. exd5 Qxd5 3. Nc3 Qd8 4. Bc4 Nf6 5. Nf3 Bf5 6. O-O e6 7. d3 Be7 8.
Ne5 Nbd7 9. Re1 Nxe5 10. Rxe5 Qd4 11. Qe2 Ng4 12. Ra5 b6 13. Rb5 c6 14. Rb3 Bc5
15. Nd1 a5 16. c3 Qd6 17. d4 Qxh2+ 18. Kf1 Qh1# 0-1

[Event "ch-FRA Blitz Online Qual"]
[Site "Europe-Chess INT"]
[Date "2020.05.16"]
[Round "7"]
[White "Gordon, Louis"]
[Black "Leonardy, Batiste"]
[Result "0-1"]
[WhiteElo "1758"]
[BlackElo "1177"]
[WhiteFideId "45186162"]
[BlackFideId "36062880"]
[EventDate "2020.05.16"]

1. d4 Nf6 2. Nf3 g6 3. c4 Bg7 4. Nc3 O-O 5. e4 d6 6. Be2 e5 7. O-O Nc6 8. d5 Ne7
9. Ne1 Ne8 10. Nd3 f5 11. Bd2 f4 12. f3 g5 13. Rc1 h5 14. c5 Ng6 15. a4 Rf7 16.
cxd6 cxd6 17. Nb5 a6 18. Na3 Bf8 19. Nf2 Nf6 20. Nc4 Rg7 21. Ba5 Qe8 22. Nb6 Rb8
23. Qc2 Bd7 24. Nxd7 Qxd7 25. h3 Be7 26. b4 b6 27. Qc6 bxa5 28. bxa5 Qd8 29.
Qxa6 Nd7 30. Qa7 Nc5 31. Rb1 Ra8 32. Qb6 Nxa4 33. Qxd8+ Bxd8 34. Ra1 Nc3 35. Bc4
Rxa5 36. Rfc1 Rxa1 37. Rxa1 Be7 38. Kf1 Kf7 39. Ra3 Nb1 40. Ra1 Nd2+ 41. Ke2
Nxc4 42. Kd3 Nb6 43. Ra6 Nc8 44. Ra7 Ke8 45. Ra8 Kd8 46. Nd1 Bf6 47. Nc3 Ra7 48.
Rb8 Ra3 49. Kc4 Kc7 50. Rb2 Kd8 51. Rb8 Ra7 52. Nb5 Rc7+ 53. Nxc7 Kxc7 54. Rb4
Nb6+ 55. Kb5 Bd8 56. Rb2 Kb7 57. Rc2 Ne7 58. h4 gxh4 59. Rc1 Ng6 60. Rc6 Bc7 61.
Rc1 Ka7 62. Ra1+ Kb8 63. Rc1 Kc8 64. Rc6 Kd7 65. Ka6 Ne7 66. Kb7 Nxc6 67. dxc6+
Kd8 68. Ka6 Nc4 69. Kb5 Nd2 70. Kb4 Nf1 71. Kc3 Ne3 72. Kd2 Nxg2 73. Ke2 Ne3 74.
Kf2 d5 75. Kg1 dxe4 76. Kh2 exf3 77. Kg1 Ng4 78. Kf1 f2 79. Kg2 Bb6 80. Kf1 e4
81. Ke2 f3+ 82. Kf1 Nh2# 0-1

[Event "ch-FRA Blitz Online Qual"]
[Site "Europe-Chess INT"]
[Date "2020.05.16"]
[Round "7"]
[White "Herbin, Alexandre"]
[Black "Lequang, Enzo"]
[Result "1-0"]
[WhiteElo "1869"]
[BlackElo "1068"]
[WhiteFideId "36047783"]
[BlackFideId "551052911"]
[EventDate "2020.05.16"]

1. e4 e5 2. Nf3 Nc6 3. d4 exd4 4. Nxd4 Bc5 5. Nb3 Bb6 6. Nc3 Nf6 7. Qe2 d6 8.
Be3 Be6 9. O-O-O O-O 10. f3 a5 11. Bxb6 cxb6 12. g4 a4 13. Nd4 h6 14. h4 Nh7 15.
Ndb5 Qe7 16. Nxd6 Rfd8 17. Nf5 Rxd1+ 18. Qxd1 Bxf5 19. gxf5 a3 20. b3 Qb4 21.
Nd5 Qc5 22. Qd2 Rd8 23. Qc3 Rxd5 24. Bc4 Rd4 25. Re1 b5 26. Bxf7+ Kxf7 27. Qxc5
Rb4 28. e5 Rxh4 29. e6+ Kg8 30. e7 Nf6 31. e8=Q+ Nxe8 32. Rxe8+ Kh7 33. Qg1 Rh5
34. Qg6# 1-0

[Event "ch-FRA Blitz Online Qual"]
[Site "Europe-Chess INT"]
[Date "2020.05.16"]
[Round "7"]
[White "Batout, Ethan"]
[Black "Blanchard, Samuel"]
[Result "1-0"]
[WhiteElo "1267"]
[BlackElo "1921"]
[WhiteFideId "551081806"]
[BlackFideId "36023990"]
[EventDate "2020.05.16"]

1. d4 f5 2. c4 Nf6 3. Nc3 e6 4. Bg5 Bb4 5. e3 h6 6. Bxf6 Qxf6 7. Ne2 O-O 8. a3
Be7 9. Ng3 b6 10. Be2 Bb7 11. O-O d6 12. Re1 Nd7 13. Qc2 e5 14. dxe5 dxe5 15.
Rad1 Rad8 16. Nb5 c6 17. Nxa7 Ra8 18. Rxd7 Rxa7 19. Red1 Bc5 20. b4 Be7 21. Qb3
Kh8 22. Nh5 Qf7 23. R1d6 c5 24. bxc5 f4 25. exf4 exf4 26. c6 f3 27. Bxf3 Qf4 28.
Nxf4 1-0

[Event "ch-FRA Blitz Online Qual"]
[Site "Europe-Chess INT"]
[Date "2020.05.16"]
[Round "7"]
[White "Gratton, Manolo"]
[Black "Daurelle, Herve"]
[Result "0-1"]
[BlackTitle "FM"]
[WhiteElo "1573"]
[BlackElo "2205"]
[WhiteFideId "551089157"]
[BlackFideId "602655"]
[EventDate "2020.05.16"]

1. e4 e5 2. Nf3 Nc6 3. d4 exd4 4. Nxd4 Nf6 5. Nxc6 bxc6 6. Nc3 d5 7. exd5 cxd5
8. Bg5 c6 9. Be2 Be7 10. O-O O-O 11. Re1 Rb8 12. Rb1 h6 13. Bf4 Rb4 14. Bg3 Bd6
15. a3 Rb8 16. Bh4 Re8 17. h3 Bf5 18. Bd3 Rxe1+ 19. Qxe1 Bxd3 20. cxd3 g5 21.
Bg3 Bxg3 22. fxg3 Qd6 23. Qf2 c5 24. Rf1 Kg7 25. Nd1 d4 26. Qf5 Rb7 27. h4 g4
28. Nf2 Qd5 29. Qf4 h5 30. Qd2 Re7 31. Ne4 Nxe4 32. dxe4 Rxe4 33. Qa5 d3 34.
Qc3+ Rd4 35. Qd2 c4 36. Re1 Re4 37. Rf1 Re2 38. Qc3+ Qe5 39. Qxe5+ Rxe5 40. Kf2
Re2+ 41. Kg1 d2 42. Rd1 Re1+ 0-1

[Event "ch-FRA Blitz Online Qual"]
[Site "Europe-Chess INT"]
[Date "2020.05.16"]
[Round "7"]
[White "Anselin, Djavan"]
[Black "Linnemer, Laurent"]
[Result "0-1"]
[WhiteElo "1499"]
[BlackElo "2163"]
[WhiteFideId "36080713"]
[BlackFideId "651095"]
[EventDate "2020.05.16"]

1. d4 Nf6 2. c4 e5 3. d5 Bc5 4. Nc3 d6 5. h3 c6 6. e4 cxd5 7. cxd5 O-O 8. Nf3 a6
9. Bd3 b5 10. a3 Nbd7 11. O-O h6 12. Qe2 Bb7 13. Be3 Rc8 14. Rac1 Qb6 15. Rfe1
Rc7 16. Nh2 Rfc8 17. Na2 Bxe3 18. Rxc7 Bxf2+ 19. Qxf2 Qxf2+ 20. Kxf2 Rxc7 21.
Rc1 Rxc1 22. Nxc1 Nc5 23. Ke3 Nh5 24. g4 Nf4 25. b4 Ncxd3 26. Nxd3 Nxh3 27. Nf1
Bc8 28. Nh2 g6 29. Kf3 f5 30. exf5 gxf5 31. gxf5 Bxf5 32. Nf2 Nxf2 33. Kxf2 Be4
34. Ng4 Kg7 35. Ne3 Kf6 36. Kg3 Kg5 37. Kh3 h5 38. Kg3 h4+ 39. Kh3 Bf5+ 40. Kg2
Kf4 41. Nd1 Be4+ 42. Kh3 Bxd5 43. Kxh4 Bc4 44. Kh3 d5 45. Kg2 d4 46. Kf2 e4 47.
Ke1 e3 48. Nb2 Ke4 49. a4 d3 50. axb5 axb5 51. Kd1 Bb3+ 52. Ke1 Kd4 53. Nd1 Bxd1
54. Kxd1 Kc3 55. Ke1 Kxb4 56. Kd1 Kc3 57. Ke1 b4 58. Kd1 b3 59. Kc1 e2 60. Kb1
e1=Q# 0-1